Berichte Aus der Hausindustrie Im Südwestlichen Deutschland : Die Deutsche Hausindustrie, Dritter Band. (Schriften des Vereins Für Socialpolitik XLI).

Bibliographic Details
Main Author: Socialpolitik, Verein für.
Format: eBook
Language:German
Published: Berlin : Duncker & Humblot, 2014.
Edition:1st ed.
Series:Duncker and Humblot Reprints Series
Subjects:
Online Access:Click to View
LEADER 03215nam a22003853i 4500
001 EBC7101226
003 MiAaPQ
005 20240729202204.0
006 m o d |
007 cr cnu||||||||
008 240729s2014 xx o ||||0 ger d
020 |a 9783428572885  |q (electronic bk.) 
020 |z 9783428172887 
035 |a (MiAaPQ)EBC7101226 
035 |a (Au-PeEL)EBL7101226 
035 |a (OCoLC)1348483054 
040 |a MiAaPQ  |b eng  |e rda  |e pn  |c MiAaPQ  |d MiAaPQ 
100 1 |a Socialpolitik, Verein für. 
245 1 0 |a Berichte Aus der Hausindustrie Im Südwestlichen Deutschland :  |b Die Deutsche Hausindustrie, Dritter Band. (Schriften des Vereins Für Socialpolitik XLI). 
250 |a 1st ed. 
264 1 |a Berlin :  |b Duncker & Humblot,  |c 2014. 
264 4 |c {copy}1889. 
300 |a 1 online resource (131 pages) 
336 |a text  |b txt  |2 rdacontent 
337 |a computer  |b c  |2 rdamedia 
338 |a online resource  |b cr  |2 rdacarrier 
490 1 |a Duncker and Humblot Reprints Series 
505 0 |a Intro -- Inhaltsverzeichnis. -- I. Das Berchtesgadner Holzhandwerk als Hausindustrie. Nach Koch-Sternfelds Geschichte des Fürstentums Berchtesgaden und amtlichen Quellen bearbeitet von Max Graf von Armansperg, K. B. Bezirksamtmann. -- II. Die Hausindustrieen des Bezirksamtes Garmisch (Oberbayern). Von Privatdocent Dr. C. Neuburg in München. -- 1. Die Schnitzindustrie zu Oberammergau. -- 2. Die Kunstschreinerei und Schnitzerei zu Garmisch und Partenkirchen. -- 3. Die Instrumentenmacherei zu Mittenwald. -- III. Die häusliche Bürstenfabrikation im badischen Schwarzwald. Von Oberamtmann Muth in Donaueschingen. -- IV. Die Uhrenindustrie des Schwarzwaldes. Bearbeitet von Professor F. Anton Hubbuch, Maschineningenieur, Vorstand der Großh. Badischen Uhrmacherschule in Furtwangen. -- 1. Geschichte der Uhrenindustrie. -- 2. Gegenwärtige Lage der Hausindustrie. -- 3. Erhaltung und Hebung der Hausindustrie. -- V. Die Holzschnitzerei des Schwarzwaldes. Von Gewerbeschulvorstand Schott in Freiburg in Baden. -- VI. Mitteilungen über Hausindustrie im Handelskammerbezirk Darmstadt. Von K. M. Möser, Großherzoglich Hessischem Fabrikinspektor. -- I. Hasenhaarschneiderei aus Hasenfellabfällen als Hausindustrie in Kelsterbach, Rüsselsheim, Ober-Roden, Nieder-Roden und Urberach. -- II. Die Handkäsefabrikation in Grotz-Gerau und Umgegend. -- III. Die Zündholzschachtelmacherei in Klein-Zimmern. -- VII. Die Hausindustrie im Handelskammerbezirk Offenbach a. M. Von Handelskammersekretär Schloßmacher in Offenbach. 
588 |a Description based on publisher supplied metadata and other sources. 
590 |a Electronic reproduction. Ann Arbor, Michigan : ProQuest Ebook Central, 2024. Available via World Wide Web. Access may be limited to ProQuest Ebook Central affiliated libraries.  
655 4 |a Electronic books. 
776 0 8 |i Print version:  |a Socialpolitik, Verein für  |t Berichte Aus der Hausindustrie Im Südwestlichen Deutschland  |d Berlin : Duncker & Humblot,c2014  |z 9783428172887 
797 2 |a ProQuest (Firm) 
830 0 |a Duncker and Humblot Reprints Series 
856 4 0 |u https://ebookcentral.proquest.com/lib/matrademy/detail.action?docID=7101226  |z Click to View